|
|
|
|
| LEADER |
00000cam a22000002c 4500 |
| 001 |
1865806986 |
| 003 |
DE-627 |
| 005 |
20250114054843.0 |
| 007 |
cr uuu---uuuuu |
| 008 |
231017s2018 xx |||||o 00| ||eng c |
| 035 |
|
|
|a (DE-627)1865806986
|
| 035 |
|
|
|a (DE-599)KXP1865806986
|
| 040 |
|
|
|a DE-627
|b ger
|c DE-627
|e rda
|
| 041 |
|
|
|a eng
|
| 084 |
|
|
|a 2,1
|2 ssgn
|
| 100 |
1 |
|
|a Carranza, Grabiela
|e VerfasserIn
|4 aut
|
| 245 |
1 |
0 |
|a Effects of Abuse on Female Offenders
|
| 264 |
|
1 |
|c 2018
|
| 336 |
|
|
|a Text
|b txt
|2 rdacontent
|
| 337 |
|
|
|a Computermedien
|b c
|2 rdamedia
|
| 338 |
|
|
|a Online-Ressource
|b cr
|2 rdacarrier
|
| 520 |
|
|
|a Between 1995 and 2005, the number of female offenders increased significantly. However, studies show that most female offenders do not commit violent crimes. Researchers have established that women that have experienced some form of abuse causes them to offend. Although women do not commit violent crimes, they still receive severe punishments. Incarceration is not a solution for reform and courts should consider the effects of abuse on female offenders. This paper illustrates how the effects of abuse correlates with female offenders, describes the effects of abuse on male offenders and how it relates to female offenders, and provides additional risk factors that can lead to a woman’s pathway towards criminality. Additionally, this paper will provide policy implications for women offenders that have experienced abuse in their lifetime
|
| 650 |
|
4 |
|a Research
|
| 856 |
4 |
0 |
|u https://core.ac.uk/download/215411282.pdf
|x Verlag
|z kostenfrei
|3 Volltext
|7 0
|
| 935 |
|
|
|a mkri
|
| 951 |
|
|
|a BO
|
| ELC |
|
|
|a 1
|
| LOK |
|
|
|0 000 xxxxxcx a22 zn 4500
|
| LOK |
|
|
|0 001 4390845381
|
| LOK |
|
|
|0 003 DE-627
|
| LOK |
|
|
|0 004 1865806986
|
| LOK |
|
|
|0 005 20231017043623
|
| LOK |
|
|
|0 008 231017||||||||||||||||ger|||||||
|
| LOK |
|
|
|0 035
|a (DE-2619)CORE9460540
|
| LOK |
|
|
|0 040
|a DE-2619
|c DE-627
|d DE-2619
|
| LOK |
|
|
|0 092
|o n
|
| LOK |
|
|
|0 852
|a DE-2619
|
| LOK |
|
|
|0 852 1
|9 00
|
| LOK |
|
|
|0 935
|a core
|
| LOK |
|
|
|0 939
|a 17-10-23
|b l01
|
| OAS |
|
|
|a 1
|
| ORI |
|
|
|a SA-MARC-krimdoka001.raw
|